Cedar Point Roller Coasters Quiz Stats

 Plays Quiz Updated Mar 4, 2019

Score 0/17 Timer 03:00
0 Plays Today
% Correct
Raptor
76.9%
Top Thrill Dragster
76.4%
Magnum XL-200
73.1%
Rougarou
70.9%
GateKeeper
69.5%
Steel Vengeance
69%
Gemini
69%
Blue Streak
67.5%
Valravn
65.7%
% Correct
Corkscrew
59.5%
Maverick
54.4%
Iron Dragon
53.4%
Millennium Force
47.8%
Wicked Twister
44.3%
Wilderness Run
37.5%
Cedar Creek Mine Ride
36.9%
Woodstock Express
20.1%

You're not logged in!

Compare scores with friends on all Sporcle quizzes.
OR
Log In

Sporcle TV

Today on Sporcle TV


Watch our educational content, quiz creation guides, and fun videos on Sporcle TV.

Show Comments

Extras

Top Quizzes Today


Score Distribution

Your Account Isn't Verified!

In order to create a playlist on Sporcle, you need to verify the email address you used during registration. Go to your Sporcle Settings to finish the process.

Report this User

Report this user for behavior that violates our Community Guidelines.

Details: